<?xml version="1.0" encoding="UTF-8"?>
<record
    xmlns:xsi="http://www.w3.org/2001/XMLSchema-instance"
    xsi:schemaLocation="http://www.loc.gov/MARC21/slim http://www.loc.gov/standards/marcxml/schema/MARC21slim.xsd"
    xmlns="http://www.loc.gov/MARC21/slim">

  <leader>00979nam a22001817a 4500</leader>
  <controlfield tag="008">160125b        xxu||||| |||| 00| 0 eng d</controlfield>
  <datafield tag="082" ind1=" " ind2=" ">
    <subfield code="a">708</subfield>
    <subfield code="b">C238o</subfield>
  </datafield>
  <datafield tag="100" ind1=" " ind2=" ">
    <subfield code="a">Capel&#xE1;n, Carlos</subfield>
    <subfield code="9">4552</subfield>
  </datafield>
  <datafield tag="245" ind1=" " ind2=" ">
    <subfield code="a">Only You, siempre all&#xED;</subfield>
    <subfield code="b">+ Post Colonial Liberation Army (rematerializaci&#xF3;n)</subfield>
    <subfield code="c">Carlos Capel&#xE1;n</subfield>
  </datafield>
  <datafield tag="260" ind1=" " ind2=" ">
    <subfield code="a">San Jos&#xE9;: </subfield>
    <subfield code="b">Museo de Arte y Dise&#xF1;o Contempor&#xE1;neo (MADC)</subfield>
    <subfield code="b">Ministerio de Cultura y Juventud (MCJ)</subfield>
    <subfield code="c">[2009]</subfield>
  </datafield>
  <datafield tag="300" ind1=" " ind2=" ">
    <subfield code="a">57p.</subfield>
    <subfield code="b">ill. (col.)</subfield>
    <subfield code="c">24 cm.</subfield>
  </datafield>
  <datafield tag="505" ind1=" " ind2=" ">
    <subfield code="t">Presentaci&#xF3;n</subfield>
    <subfield code="t">Im&#xE1;genes del proceso de montaje</subfield>
    <subfield code="t">Im&#xE1;genes del acto inaugural</subfield>
    <subfield code="t">Only you. Siempre all&#xED;: la trascendencia del trayecto. Texto introductorio // Ernesto Calvo / Director MADC</subfield>
    <subfield code="t">Textos de referencia</subfield>
    <subfield code="t">Curriculum del artista</subfield>
    <subfield code="t">Jet-Lag Mambo</subfield>
  </datafield>
  <datafield tag="600" ind1=" " ind2=" ">
    <subfield code="a">Capel&#xE1;n, Carlos</subfield>
    <subfield code="b">1948 - </subfield>
    <subfield code="x">Exhibiciones</subfield>
    <subfield code="9">4554</subfield>
  </datafield>
  <datafield tag="650" ind1=" " ind2=" ">
    <subfield code="a">Arte Uruguayo</subfield>
    <subfield code="x">Exposiciones</subfield>
    <subfield code="9">4555</subfield>
  </datafield>
  <datafield tag="650" ind1=" " ind2=" ">
    <subfield code="a">Arte Conceptual</subfield>
    <subfield code="x">Exhibiciones</subfield>
    <subfield code="9">3575</subfield>
  </datafield>
  <datafield tag="650" ind1=" " ind2=" ">
    <subfield code="a">Museo de Arte y Dise&#xF1;o Contempor&#xE1;neo</subfield>
    <subfield code="y">2006</subfield>
    <subfield code="9">4556</subfield>
  </datafield>
  <datafield tag="700" ind1=" " ind2=" ">
    <subfield code="a">Calvo, Ernesto</subfield>
    <subfield code="9">4553</subfield>
  </datafield>
  <datafield tag="999" ind1=" " ind2=" ">
    <subfield code="c">833</subfield>
    <subfield code="d">833</subfield>
  </datafield>
  <datafield tag="952" ind1=" " ind2=" ">
    <subfield code="0">0</subfield>
    <subfield code="1">0</subfield>
    <subfield code="2">ddc</subfield>
    <subfield code="4">0</subfield>
    <subfield code="7">0</subfield>
    <subfield code="a">LV</subfield>
    <subfield code="b">LV</subfield>
    <subfield code="c">Monograf&#xED;as</subfield>
    <subfield code="d">2016-01-25</subfield>
    <subfield code="l">0</subfield>
    <subfield code="o">708 C238o</subfield>
    <subfield code="p">000679</subfield>
    <subfield code="r">2016-01-25 00:00:00</subfield>
    <subfield code="w">2016-01-25</subfield>
    <subfield code="y">01</subfield>
  </datafield>
</record>
